000 02276nam a22003497a 4500
001 104421
003 KnowledgeUnlatched
005 20210303104954.0
006 m o d
007 cr u||||||||||
008 210129p20172020xxk o u00| u eng d
037 _5BiblioBoard
245 0 0 _aMedieval Empires and the Culture of Competition
_bLiterary Duels at Islamic and Christian Courts /
_cSamuel England.
020 _a9781474425247
029 1 _ahttps://library.biblioboard.com/ext/api/media/1177f023-7265-4545-b32c-b223a1625ceb/assets/thumbnail.jpg
040 _aScCtBLL
_cScCtBLL
100 1 _aEngland, Samuel
_eauthor.
264 1 _bEdinburgh University Press,
300 _a1 online resource (1 p.)
506 0 _aAccess copy available to the general public.
_fUnrestricted
_2star
520 _aA probing inquiry into medieval court struggles, this book shows the relationship between intellectual conflict and the geopolitics of empire. It examines the Persian Buyids' takeover of the great Arab caliphate in Iraq, the counter-Crusade under Saladin, and the literature of sovereignty in Spain and Italy at the cusp of the Renaissance. The question of high culture-who best qualified as a poet, the function of race and religion in forming a courtier, what languages to use in which official ceremonies-drove much of medieval writing, and even policy itself. From the last moments of the Abbasid Empire, to the military campaign for Jerusalem, to the rise of Crusades literature in spoken Romance languages, authors and patrons took a competitive stance as a way to assert their place in a shifting imperial landscape.
588 0 _aDescription based on print version record.
590 _aKU Select 2019: HSS Backlist Books
650 7 _aHistory / Europe / Spain & Portugal
_2bisacsh
650 0 _aHistory
655 0 _aElectronic books.
758 _iIs found in:
_aKnowledge Unlatched
_1https://openresearchlibrary.org/module/2774bc74-146a-484f-a7ba-ab1d6a09bbfb
856 4 0 _uhttps://openresearchlibrary.org/content/1177f023-7265-4545-b32c-b223a1625ceb
_zView this content on Open Research Library.
_70
999 _c33149
_d33149